00000000nam 2200000za 4500
0019.803469
003CaOODSP
00520240111083016
007cr |||||||||||
008160428s2015    onc     ob   f000 0 fre d
020 |a978-0-660-03330-3
040 |aCaOODSP|bfre
043 |an-cn---
0861 |aIu4-186/2015F-PDF
24500|aÉvaluation de la contribution d'Industrie Canada à la Fondation canadienne pour l'innovation |h[ressource électronique] : |brapport final.
260 |a[Ottawa] : |bIndustrie Canada, |cc2015.
300 |av, 24 p.
500 |aPubl. aussi en format HTML.
500 |aPubl. aussi en anglais sous le titre : Evaluation of Industry Canada’s contribution to the Canada Foundation for Innovation, final report.
500 |a« Présenté au comité ministériel d’évaluation le 19 mai 2015. Approuvé par le sous-ministre le 11 juin 2015. »
504 |aComprend des réf. bibliogr.
520 |a« La Fondation canadienne pour l'innovation (FCI) est un organisme sans but lucratif qui finance l'infrastructure de recherche afin de renforcer la capacité des universités, des collèges, des hôpitaux et des établissements de recherche sans but lucratif canadiens de mener des projets de recherche et de développement technologique de calibre mondial dont bénéficient les Canadiens. La FCI est la principale source du financement fédéral de l'infrastructure de recherche au Canada. Elle finance jusqu'à concurrence de 40 % des coûts d'infrastructure de recherche d'un projet. En partenariat avec les gouvernements provinciaux et d'autres organismes publics, privés et sans but lucratif, les établissements s'assurent des 60 % restants du financement nécessaire » -- Sommaire, p. iv.
69207|2gccst|aOrganisme à but non lucratif
69207|2gccst|aSubvention de recherche
69207|2gccst|aÉvaluation du rendement
7101 |aCanada. |bIndustrie Canada.
77508|tEvaluation of Industry Canada's contribution to the Canada Foundation for Innovation |w(CaOODSP)9.803467
794 |tÉvaluation de la contribution d'Innovation, sciences et développement économique Canada (ISDE) à la Fondation canadienne pour l'innovation : |bjanvier 2021|w(CaOODSP)9.896238
85640|qPDF|s237 Ko|uhttps://publications.gc.ca/collections/collection_2016/isde-ised/Iu4-186-2015-fra.pdf
8564 |qHTML|sS.O.|uhttps://www.ic.gc.ca/eic/site/ae-ve.nsf/fra/h_03790.html